Estudio de prefactibilidad para la instalación de una estación de servicio en el municipio de Tola, departamento de Rivas
La necesidad de abastecimiento de combustible en Tola, genera la oportunidad de brindar la venta de combustible en una estación de servicio garantizando así la facilidad de acceso para la compra en cuanto al turista, a los visitantes, cooperativas de taxis y autobuses, fortaleciendo así el crecim...
| Main Authors: | , , |
|---|---|
| Other Authors: | |
| Format: | Tesis Section = Libro |
| Language: | Undetermined Spanish |
| Published: |
Managua
UNI-IES
2019
|
| Subjects: |
| LEADER | 01285nam a2200289Ia 4500 | ||
|---|---|---|---|
| 008 | 240830s9999 xx 000 0 und d | ||
| 040 | |a BIBLIOTECA-RUPAP Mon 658.11 M539 | ||
| 041 | |a spa | ||
| 082 | |a Mon 658.11 M539 | ||
| 100 | 1 | |a Mendoza Zavala, Edmundo Manuel | |
| 100 | 1 | |b Oviedo Marenco, Bryan Isaac | |
| 100 | 1 | |c López Alvarez, Jefri Amilkar | |
| 245 | 1 | 0 | |a Estudio de prefactibilidad para la instalación de una estación de servicio en el municipio de Tola, departamento de Rivas |
| 260 | |a Managua |b UNI-IES |c 2019 | ||
| 300 | |a 219 p. :il. | ||
| 500 | |a Contiene: anexos y CD. | ||
| 502 | |a Tesis (Ingeniero de Sistemas)- UNI, 2019. | ||
| 520 | 3 | |a La necesidad de abastecimiento de combustible en Tola, genera la oportunidad de brindar la venta de combustible en una estación de servicio garantizando así la facilidad de acceso para la compra en cuanto al turista, a los visitantes, cooperativas de taxis y autobuses, fortaleciendo así el crecimiento comercial. | |
| 650 | 7 | |a NUEVAS EMPRESAS-NICARAGUA | |
| 650 | 7 | |b ESTUDIO DE MERCADO | |
| 650 | 7 | |c ESTUDIO FINANCIERO | |
| 650 | 7 | |d ESTUDIOS DE FACTIBILIDAD | |
| 650 | 7 | |e COMBUSTIBLE-INDUSTRIA Y COMERCIO | |
| 700 | 1 | |a Tutor: |b Selva Mendoza, Mario José | |
| 942 | |c BK |2 ddc | ||
| 991 | |a TESIS | ||
| 999 | |c 16957 | ||